书目信息 |
| 题名: |
设计表现技法
|
|
| 作者: | 陈斌 , 钟山燕 编著 | |
| 分册: | ||
| 出版信息: | 重庆 重庆大学出版社 2005.08 |
|
| 页数: | 76页 | |
| 开本: | 29cm | |
| 丛书名: | 高职高专艺术设计专业系列教材 | |
| 单 册: | ||
| 中图分类: | TU-856 | |
| 科图分类: | ||
| 主题词: | 环境设计--huan jing she ji--高等教育--教材 | |
| 电子资源: | ||
| ISBN: | 7-5624-3432-8 | |
| 000 | 00992nam 2200253 450 | |
| 001 | 012006178741 | |
| 005 | 20061220101445.60 | |
| 010 | @a7-5624-3432-8@dCNY27.00 | |
| 100 | @a20061123d2005 km y0chiy0120 ea | |
| 101 | 0 | @achi |
| 102 | @aCN@b500000 | |
| 105 | @aa z 000yy | |
| 200 | 1 | @a设计表现技法@Ashe ji biao xian ji fa@f陈斌, 钟山燕编著@Fchen bin,zhong shan yan bian zhu |
| 210 | @a重庆@c重庆大学出版社@d2005.08 | |
| 215 | @a76页@c图@d29cm | |
| 225 | 2 | @a高职高专艺术设计专业系列教材@Agao zhi gao zhuan yi shu she ji zhuan ye xi lie jiao cai |
| 330 | @a本书分表现技法的基础知识、工具及表现技法、计算机辅助设计表现技法、表现图实例等四个部分,对表现图在环境艺术设计专业上的作用,它的类别以及表现要点做了讲述。 | |
| 410 | 0 | @12001 @a高职高专艺术设计专业系列教材 |
| 606 | 0 | @a环境设计@Ahuan jing she ji@x高等教育@j教材 |
| 690 | @aTU-856@v4 | |
| 701 | 0 | @a陈斌@Achen bin@4编著 |
| 701 | 0 | @a钟山燕@Azhong shan yan@4编著 |
| 801 | 0 | @aCN@c20061220 |
| 905 | @a10447@dTU-856@eC375 | |
| 设计表现技法/陈斌, 钟山燕编著.-重庆:重庆大学出版社,2005.08 |
| 76页:图;29cm .-(高职高专艺术设计专业系列教材) |
| ISBN 7-5624-3432-8:CNY27.00 |
| 本书分表现技法的基础知识、工具及表现技法、计算机辅助设计表现技法、表现图实例等四个部分,对表现图在环境艺术设计专业上的作用,它的类别以及表现要点做了讲述。 |
| ● |
| 相关链接 |
|
|
|
正题名:设计表现技法
索取号:TU-856/C375
 
预约/预借
| 序号 | 登录号 | 条形码 | 馆藏地/架位号 | 状态 | 备注 |
| 1 | 228201 | 202282010 | 建筑库101/101建筑库 17排1列1层/ [索取号:TU-856/C375] | 在馆 | |
| 2 | 228202 | 202282029 | 建筑库101/101建筑库 17排1列1层/ [索取号:TU-856/C375] | 在馆 | |
| 3 | 228203 | 202282038 | 建筑与城市规划学院资料室/101建筑库 110排4列2层/ [索取号:TU-856/C375] | 在馆 |